[Event "Uxbridge op Major"]
[Site "Uxbridge"]
[Date "2010.03.21"]
[Round "5"]
[White "Brady, David A"]
[Black "Connor, Michael"]
[Result "1-0"]
[WhiteElo "1890"]
[BlackElo "1826"]
[PlyCount "95"]
[EventDate "2010.03.19"]
[EventType "swiss"]
[EventRounds "5"]
[EventCountry "ENG"]
[SourceTitle "EXT 2012"]
[Source "ChessBase"]
[SourceDate "2011.11.24"]
[SourceVersion "1"]
[SourceVersionDate "2011.11.24"]
[SourceQuality "1"]

1. d4 Nf6 2. Nf3 g6 3. c4 Bg7 4. Nc3 d5 5. e3 0-0 6. cxd5 Nxd5 7. Bc4 Nxc3 8. bxc3 c5 9. Qb3 cxd4 10. cxd4 Nc6 11. Be2 b6 12. 0-0 Be6 13. Qa4 Bd5 14. Bb2 a5 15. Rac1 Qd6 16. Nd2 Qb4 17. Qxb4 Nxb4 18. a3 Na6 19. Rc2 Rfb8 20. Bb5 Bb7 21. Rfc1 Rc8 22. Rxc8+ Rxc8 23. Rxc8+ Bxc8 24. Nc4 Nc7 25. Nxb6 Nxb5 26. Nxc8 e6 27. a4 Nc7 28. Bc3 Bf8 29. Bxa5 Nd5 30. Bd2 Ba3 31. Kf1 Kf8 32. Ke2 Ke8 33. Kd3 Kd7 34. Na7 Bd6 35. g3 e5 36. Nb5 Bb8 37. a5 Kc6 38. Kc4 e4 39. Nc3 Nxc3 40. Bxc3 f5 41. d5+ Kb7 42. Kb5 h5 43. a6+ Ka8 44. Bd4 h4 45. Kc6 hxg3 46. hxg3 g5 47. d6 Bxd6 48. Kxd6 1-0

[Event "Civil Service Major op"]
[Site "London"]
[Date "2005.11.05"]
[Round "1"]
[White "Clegg, Chris RA"]
[Black "Brady, David A"]
[Result "1-0"]
[WhiteElo "1768"]
[BlackElo "1592"]
[PlyCount "54"]
[EventDate "2005.11.05"]
[EventType "swiss"]
[EventRounds "5"]
[EventCountry "ENG"]
[SourceTitle "EXT 2007"]
[Source "ChessBase"]
[SourceDate "2006.11.23"]
[SourceVersion "1"]
[SourceVersionDate "2006.11.23"]
[SourceQuality "1"]

1. e4 e6 2. d4 d5 3. Nd2 Nf6 4. e5 Nfd7 5. Bd3 c5 6. c3 Nc6 7. Ne2 cxd4 8. cxd4 f6 9. exf6 Qxf6 10. Nf3 h6 11. 0-0 Bd6 12. Be3 0-0 13. Rc1 e5 14. dxe5 Ndxe5 15. Nxe5 Qxe5 16. Ng3 Qxb2 17. Bb1 Be6 18. Qd3 Qf6 19. Qh7+ Kf7 20. Nh5 Qb2 21. Qg6+ Ke7 22. Qxg7+ Qxg7 23. Nxg7 Rh8 24. Nxe6 Kxe6 25. Rfe1 Kf6 26. Rcd1 Bb4 27. Re2 Rad8 1-0